Influence of laser beam parameters on mechanical and structural properties of duplex stainless steel welded joints
Salvato in:
| Autore principale: | |
|---|---|
| Altri autori: | |
| Natura: | Manoscritto Libro |
| Lingua: | slovacco inglese |
| Pubblicazione: |
2021
|
| Soggetti: | |
| Accesso online: | http://is.stuba.sk/zp/portal_zp.pl?podrobnosti_zp=83581 |
| Tags: |
Nessun Tag, puoi essere il primo ad aggiungerne!!
|
MARC
| LEADER | 00000ntm a22000003a 4500 | ||
|---|---|---|---|
| 001 | stuzp83581 | ||
| 003 | SK-STU | ||
| 005 | 20210706115027.1 | ||
| 007 | ta | ||
| 008 | 150427s2015----xo-----f-mn---000-0-slo-d | ||
| 035 | |a biblio/313984 |2 CREPC2 | ||
| 040 | |a STU |b slo | ||
| 041 | 0 | |a eng | |
| 044 | |a xo | ||
| 100 | 1 | |a Bárta, Jozef |u 063000 |k Z1 |4 aut |9 100 |U MTF Materiálovotechnologická fakulta |T MTF Ústav výrobných technológií |X 27522 |U M3000 |Y 83 |7 A000027522 | |
| 242 | 0 | 1 | |a Vplyv parametrov zvárania laserovým lúčom na mechanické a štruktúrne vlastnosti zvarových spojov vyhotovených z duplexnej koróziivzdornej ocele |y slo |
| 245 | 1 | 0 | |a Influence of laser beam parameters on mechanical and structural properties of duplex stainless steel welded joints |
| 260 | |c 2021 | ||
| 300 | |a 127 s. | ||
| 650 | 4 | |a zváranie laserovým lúčom |2 slo | |
| 650 | 4 | |a vlastnosti zvarových spojov |2 slo | |
| 650 | 4 | |a duplexná koróziivzdorná oceľ |2 slo | |
| 650 | 4 | |a laser beam welding |2 eng | |
| 650 | 4 | |a suplex stainless steel |2 eng | |
| 650 | 4 | |a welded joints properties |2 eng | |
| 700 | 1 | |a , |4 ths |X null |7 null | |
| 856 | 4 | |u http://is.stuba.sk/zp/portal_zp.pl?podrobnosti_zp=83581 | |
| 996 | |c M* HP-144 |l MMSKP |s P |a 0 |w stuzp83581_0001 | ||